ČSN 34 1610 Elektrický silnoproudý rozvod v průmyslových provozovnách

Bibliographic Details
Format: Book
Language:Undetermined
PhysicalDescription:74 s.
Published: Praha Vydavatelství Státního úřadu pro vynálezy a normalisaci 1958

MARC

LEADER 00000nam a2200000 a 4500
001 vtls001267921
003 SK-MaSNL
005 20260224105020.0
008 961127s1958 xx 0 und
035 |a SNK000218913 
040 |a SNK  |b slo  |c SNK  |e AACR2 
245 1 |a ČSN 34 1610 Elektrický silnoproudý rozvod v průmyslových provozovnách 
260 |a Praha  |b Vydavatelství Státního úřadu pro vynálezy a normalisaci  |c 1958 
300 |a 74 s. 
999 |c 970889  |d 972819 
952 |t P60, <04>, [BOOK], {604}  |a SNK  |b SNK  |y VYP  |7 0  |p 17A0023208  |o snkČSN 34 1610  |0 0  |1 0  |4 0  |d 1996-11-27  |l 0  |r 2005-01-01 00:00:00  |w 2026-02-24